000 00394nam a22001697a 4500
003 UA-OsUOA
001 2877
007 ta
008 20050721b un ||||| |||| 00| 0 ukr d
100 _aCohen
700 _aMarjorie A.
942 _cBK
040 _aUA-OsUOA
_cUA-OsUOA
_dUA-OsUOA
245 _aThe teenager's guide to study, travel, and adventu
_bEducation
955 _a2
650 7 _2UDC
999 _c289039
_d289039